| 000 | 00709cam a22002413a 4500 | ||
|---|---|---|---|
| 001 | 19391 | ||
| 003 | PGUSA | ||
| 005 | 20140828083418.0 | ||
| 008 | 060927s2006||||xxu|||||s|||||000 | eng d | ||
| 040 |
_aPGUSA _beng |
||
| 042 | _adc | ||
| 050 | 4 | _aF850.5 | |
| 100 | 1 |
_aSanborn, Kate, _d1839-1917 |
|
| 245 | 1 | 2 |
_aA Truthful Woman in Southern California _h[electronic resource] / _cKate Sanborn |
| 260 |
_bProject Gutenberg, _c2006 |
||
| 506 | _aPublic domain in the USA. | ||
| 516 | _aElectronic text | ||
| 653 | _aCalifornia, Southern -- Description and travel | ||
| 653 | _aWomen -- California | ||
| 830 | 0 |
_aProject Gutenberg _v19391 |
|
| 856 | 4 | 0 | _uhttp://www.gutenberg.org/ebooks/19391 |
| 942 | _cEB | ||
| 999 |
_c248646 _d248646 |
||